| 000 | 00831nas a2200301 4500 | ||
|---|---|---|---|
| 001 | BR0705997 | ||
| 003 | BR-BrBNA | ||
| 005 | 20231205111234.0 | ||
| 007 | ta | ||
| 008 | 230509b bl.|||p| |||| 00| 00por d | ||
| 040 |
_aBR-BrBNA _bpor _cBiblioteca Nacional de Agricultura |
||
| 041 | _a(Pt) | ||
| 072 | _aL70 | ||
| 100 | 1 | _aMatera, J.M. | |
| 100 | 1 | _aTatarunas, A.C. | |
| 100 | 1 | _aCastro, P.F. de | |
| 100 | 1 | _aRosner, S.A. | |
| 100 | 1 | _aJorge, R. | |
| 100 | 1 | _aFantoni, D.T. | |
| 100 | 1 | _aUnruh, S. | |
| 245 | 1 | _aRuptura traumática da uretra intrapélvica em seis cães e um gato | |
| 650 | _aCÃO | ||
| 650 | _aGATO | ||
| 650 | _aURETRA | ||
| 773 | 0 |
_tVeterinária Notícias (Brazil) _xISSN 0104-3463 _g(2003), v. 9(2) p. 75-81 _wBR0705997 |
|
| 909 |
_a202311 _bLúcia _c55 _dLúcia Elande |
||
| 942 |
_2AGRIS _n0 _cANA |
||
| 999 |
_c191546 _d191546 |
||